Statistics for Premier League Players by Number - 5

Click here to take the quiz!

General Stats

  • This quiz has been taken 22 times
  • The average score is 8 of 19

Answer Stats

PositionClubNationPlayer% Correct
DFManchester UnitedEnglandHarry Maguire
87%
DFManchester CityEnglandJohn Stones
80%
MFArsenalGhanaThomas Partey
80%
MFChelseaItalyJorginho
73%
DFLiverpoolFranceIbrahima Konate
60%
MFTottenham HotspurDenmarkPierre-Emile Hojbjerg
60%
DFAston VillaEnglandTyrone Mings
60%
DFWest Ham UnitedCzech RepublicVladimir Coufal
53%
DFBurnleyEnglandJames Tarkowski
40%
DFBrighton & Hove AlbionEnglandLewis Dunk
40%
DFLeeds UnitedGermanyRobin Koch
40%
DFCrystal PalaceEnglandJames Tomkins
33%
DFWatfordNigeriaWilliam Troost-Ekong
27%
DFWolvesBrazilFernando Marcal
20%
DFNorwich CityScotlandGrant Hanley
20%
DFEvertonEnglandMichael Keane
20%
DFLeicester CityEnglandRyan Bertrand
20%
DFSouthamptonEnglandJack Stephens
13%
DFBrentfordJamaicaEthan Pinnock
7%

Score Distribution

Percentile by Number Answered

Percent of People with Each Score

Your Score History

You have not taken this quiz